Income distribution: the limits to redistribution (Record no. 343166)

000 -LEADER
fixed length control field 00458cam a22001457a 4500
008 - FIXED-LENGTH DATA ELEMENTS--GENERAL INFORMATION
fixed length control field 180718b1980 xxu||||| |||| 00| 0 eng d
082 ## - DEWEY DECIMAL CLASSIFICATION NUMBER
Classification number T112 C684
245 ## - TITLE STATEMENT
Title Income distribution: the limits to redistribution
Statement of responsibility, etc. edited by David Collard, Richard Lecomber and Marting Slater
260 ## - PUBLICATION, DISTRIBUTION, ETC.
Place of publication, distribution, etc. Bristol
Name of publisher, distributor, etc. John Wright
Date of publication, distribution, etc. 1980
300 ## - PHYSICAL DESCRIPTION
Extent 267p.
650 ## - SUBJECT ADDED ENTRY--TOPICAL TERM
Topical term or geographic name entry element Income distribution
700 ## - ADDED ENTRY--PERSONAL NAME
Personal name Slater,Marting
700 ## - ADDED ENTRY--PERSONAL NAME
Personal name Lecomber,Richard
700 ## - ADDED ENTRY--PERSONAL NAME
Personal name Collard,David
Holdings
Withdrawn status Lost status Damaged status Not for loan Permanent Location Current Location Date acquired Full call number Barcode Date last seen Price effective from Koha item type
        Indian Institute of Public Administration Indian Institute of Public Administration 1993-09-28 T112 C684 57652 2018-07-21 2018-07-21 Book

Powered by Koha